[Event "WYCC Girls 12"]
[Site "Porto Carras"]
[Date "2015.10.27"]
[Round "3.8"]
[White "Lakshmi, C"]
[Black "Vorobyova, Ekaterina"]
[Result "1-0"]
[BlackElo "1569"]
[WhiteElo "1733"]
[LiveChessVersion "1.4.6"]

1. e4 {[%clk 1:30:25]} e5 {[%clk 1:30:52]} 2. Nf3 {[%clk 1:30:47]} Nc6
{[%clk 1:31:12]} 3. Bb5 {[%clk 1:31:07]} a6 {[%clk 1:31:28]} 4. Ba4
{[%clk 1:31:24]} b5 {[%clk 1:31:23]} 5. Bb3 {[%clk 1:31:21]} Na5 {[%clk 1:31:16]}
6. c3 {[%clk 1:15:21]} Nxb3 {[%clk 1:27:13]} 7. Qxb3 {[%clk 1:14:48]} d6
{[%clk 1:24:29]} 8. d4 {[%clk 1:09:57]} exd4 {[%clk 1:19:11]} 9. cxd4
{[%clk 1:06:47]} Be7 {[%clk 1:16:21]} 10. Nc3 {[%clk 1:03:40]} Nf6
{[%clk 1:11:27]} 11. O-O {[%clk 1:00:25]} O-O {[%clk 1:09:49]} 12. e5
{[%clk 0:55:52]} dxe5 {[%clk 1:05:47]} 13. dxe5 {[%clk 0:50:52]} Be6
{[%clk 1:02:48]} 14. Qc2 {[%clk 0:49:44]} Nd7 {[%clk 0:57:58]} 15. Rd1
{[%clk 0:45:57]} Bg4 {[%clk 0:51:33]} 16. Qe4 {[%clk 0:40:13]} Bxf3
{[%clk 0:45:07]} 17. gxf3 {[%clk 0:39:09]} c6 {[%clk 0:35:51]} 18. e6
{[%clk 0:20:07]} f5 {[%clk 0:26:09]} 19. Qe2 {[%clk 0:18:55]} b4 {[%clk 0:24:18]}
20. Rxd7 {[%clk 0:18:22]} Qe8 {[%clk 0:24:08]} 21. Na4 {[%clk 0:17:36]} f4
{[%clk 0:23:08]} 22. Qe4 {[%clk 0:15:54]} Rd8 {[%clk 0:21:15]} 23. Bxf4
{[%clk 0:13:05]} Rxd7 {[%clk 0:21:05]} 24. exd7 {[%clk 0:13:32]} Qxd7
{[%clk 0:21:11]} 25. Nb6 {[%clk 0:13:29]} Qd8 {[%clk 0:20:13]} 26. Nc4
{[%clk 0:13:12]} Kh8 {[%clk 0:19:49]} 27. Re1 {[%clk 0:12:24]} Bc5
{[%clk 0:19:40]} 28. Ne5 {[%clk 0:11:10]} h6 {[%clk 0:14:08]} 29. Ng6+
{[%clk 0:10:58]} Kg8 {[%clk 0:14:23]} 30. Nxf8 {[%clk 0:10:51]} Qxf8
{[%clk 0:14:40]} 31. Qe8 {[%clk 0:11:06]} Kh7 {[%clk 0:14:46]} 32. Qxf8
{[%clk 0:11:32]} Bxf8 {[%clk 0:15:09]} 33. Re6 {[%clk 0:11:53]} c5
{[%clk 0:15:23]} 34. Bd6 {[%clk 0:12:20]} Bxd6 {[%clk 0:15:45]} 35. Rxd6 1-0

[Event "WYCC Girls 12"]
[Site "Porto Carras"]
[Date "2015.10.27"]
[Round "3.9"]
[White "Bui, Ngoc Han Julia"]
[Black "Samadashvili, Martha"]
[Result "1-0"]
[BlackElo "1711"]
[WhiteElo "1620"]
[LiveChessVersion "1.4.6"]

1. e4 {[%clk 1:30:54]} c5 {[%clk 1:30:53]} 2. Nf3 {[%clk 1:31:18]} Nc6
{[%clk 1:31:15]} 3. d4 {[%clk 1:31:42]} cxd4 {[%clk 1:31:44]} 4. Nxd4
{[%clk 1:32:01]} Nf6 {[%clk 1:32:07]} 5. Nc3 {[%clk 1:31:55]} e5 {[%clk 1:32:21]}
6. Ndb5 {[%clk 1:31:52]} d6 {[%clk 1:32:20]} 7. Bg5 {[%clk 1:31:47]} a6
{[%clk 1:32:23]} 8. Na3 {[%clk 1:32:07]} Be6 {[%clk 1:32:31]} 9. Nc4
{[%clk 1:31:41]} Rc8 {[%clk 1:32:44]} 10. Bxf6 {[%clk 1:31:22]} gxf6
{[%clk 1:33:04]} 11. Ne3 {[%clk 1:30:07]} Bh6 {[%clk 1:31:30]} 12. Bd3
{[%clk 1:29:11]} Bxe3 {[%clk 1:31:44]} 13. fxe3 {[%clk 1:29:36]} Qb6
{[%clk 1:31:55]} 14. Qc1 {[%clk 1:28:36]} h5 {[%clk 1:30:33]} 15. O-O
{[%clk 1:24:16]} Rh6 {[%clk 1:29:06]} 16. Qd2 {[%clk 1:14:47]} Ne7
{[%clk 1:13:41]} 17. Na4 {[%clk 1:03:02]} Qc7 {[%clk 1:06:07]} 18. b3
{[%clk 0:59:57]} Kd7 {[%clk 0:56:05]} 19. c4 {[%clk 0:55:52]} Rd8
{[%clk 0:34:15]} 20. Rac1 {[%clk 0:52:08]} Ke8 {[%clk 0:30:30]} 21. Nc3
{[%clk 0:47:46]} Qd7 {[%clk 0:25:47]} 22. Nd5 {[%clk 0:44:49]} Bxd5
{[%clk 0:24:54]} 23. exd5 {[%clk 0:43:40]} f5 {[%clk 0:23:26]} 24. Qf2
{[%clk 0:36:18]} Rf6 {[%clk 0:13:15]} 25. Qh4 {[%clk 0:35:24]} Ng8
{[%clk 0:11:57]} 26. Qxh5 {[%clk 0:33:04]} e4 {[%clk 0:11:29]} 27. Bb1
{[%clk 0:32:18]} Ke7 {[%clk 0:11:35]} 28. Qh4 {[%clk 0:25:10]} Re8
{[%clk 0:08:11]} 29. Rf4 {[%clk 0:22:06]} Kf8 {[%clk 0:03:53]} 30. Rcf1
{[%clk 0:20:57]} Rh6 {[%clk 0:04:08]} 31. Qf2 {[%clk 0:20:22]} f6
{[%clk 0:01:27]} 32. Rxf5 {[%clk 0:19:29]} Kf7 {[%clk 0:01:51]} 33. Qf4
{[%clk 0:17:14]} Qe7 {[%clk 0:02:14]} 34. Qg4 {[%clk 0:13:33]} Rg6
{[%clk 0:02:16]} 35. Rg5 {[%clk 0:12:41]} Rxg5 {[%clk 0:01:17]} 36. Qxg5
{[%clk 0:13:02]} Qe5 {[%clk 0:01:20]} 37. Qxe5 {[%clk 0:12:47]} Rxe5
{[%clk 0:01:48]} 38. Rf4 {[%clk 0:12:24]} f5 {[%clk 0:01:39]} 39. g4
{[%clk 0:12:12]} Ne7 {[%clk 0:01:35]} 40. gxf5 {[%clk 0:42:01]} Rxf5
{[%clk 0:31:55]} 41. Rxf5+ {[%clk 0:41:54]} Nxf5 {[%clk 0:32:24]} 42. Kf2
{[%clk 0:42:08]} Nh6 {[%clk 0:32:44]} 43. h3 {[%clk 0:42:22]} Kf6
{[%clk 0:33:10]} 44. Bxe4 {[%clk 0:42:40]} Ke5 {[%clk 0:33:38]} 45. Bb1
{[%clk 0:42:38]} Kf6 {[%clk 0:33:43]} 46. Kf3 {[%clk 0:42:52]} Ke5
{[%clk 0:34:10]} 47. Kg3 {[%clk 0:42:02]} Nf7 {[%clk 0:34:29]} 48. Kg4
{[%clk 0:42:08]} Kf6 {[%clk 0:34:56]} 49. h4 {[%clk 0:42:19]} Nh6+
{[%clk 0:35:20]} 50. Kf4 {[%clk 0:42:34]} Nf7 {[%clk 0:35:45]} 51. h5
{[%clk 0:42:49]} Nh6 {[%clk 0:36:05]} 52. b4 {[%clk 0:42:48]} b6 {[%clk 0:36:30]}
53. c5 {[%clk 0:42:28]} bxc5 {[%clk 0:36:59]} 54. bxc5 {[%clk 0:42:51]} dxc5
{[%clk 0:37:27]} 55. Bd3 {[%clk 0:42:56]} a5 {[%clk 0:37:53]} 56. e4
{[%clk 0:43:18]} Nf7 {[%clk 0:38:19]} 57. h6 {[%clk 0:42:55]} Nxh6
{[%clk 0:37:35]} 58. e5+ {[%clk 0:43:18]} Ke7 {[%clk 0:38:01]} 59. Ke4
{[%clk 0:43:08]} Nf7 {[%clk 0:37:29]} 60. Bb5 {[%clk 0:42:54]} Nd8
{[%clk 0:30:08]} 61. Kd3 {[%clk 0:42:01]} Nf7 {[%clk 0:30:03]} 62. Ke4
{[%clk 0:41:19]} Nd8 {[%clk 0:30:22]} 63. Kf5 {[%clk 0:41:17]} Kf7
{[%clk 0:25:22]} 64. d6 {[%clk 0:40:43]} c4 {[%clk 0:25:19]} 65. Bxc4+
{[%clk 0:40:59]} Ke8 {[%clk 0:25:45]} 66. e6 {[%clk 0:41:04]} Nb7
{[%clk 0:25:31]} 67. Ke5 {[%clk 0:41:22]} Nc5 {[%clk 0:25:06]} 68. Bb5+
{[%clk 0:41:21]} Nd7+ {[%clk 0:25:13]} 69. Bxd7+ {[%clk 0:41:39]} Kd8
{[%clk 0:25:36]} 70. Bb5 {[%clk 0:41:55]} a4 {[%clk 0:25:59]} 71. e7+
{[%clk 0:42:19]} 1-0

[Event "WYCC Girls 12"]
[Site "Porto Carras"]
[Date "2015.10.27"]
[Round "3.10"]
[White "Hovhannisyan, Mane"]
[Black "Dejanovic, Tereza"]
[Result "1-0"]
[BlackElo "1703"]
[WhiteElo "1590"]
[LiveChessVersion "1.4.6"]

1. d4 {[%clk 1:30:58]} d5 {[%clk 1:30:56]} 2. c4 {[%clk 1:31:24]} e6
{[%clk 1:31:22]} 3. Nc3 {[%clk 1:31:50]} Nf6 {[%clk 1:31:46]} 4. cxd5
{[%clk 1:32:15]} exd5 {[%clk 1:32:05]} 5. Bg5 {[%clk 1:32:41]} Nbd7
{[%clk 1:32:19]} 6. e3 {[%clk 1:32:59]} c6 {[%clk 1:32:44]} 7. Bd3
{[%clk 1:33:25]} Be7 {[%clk 1:32:50]} 8. Nge2 {[%clk 1:33:44]} O-O
{[%clk 1:32:42]} 9. O-O {[%clk 1:34:10]} Re8 {[%clk 1:32:50]} 10. Qc2
{[%clk 1:34:14]} Nf8 {[%clk 1:32:02]} 11. f3 {[%clk 1:34:16]} Nh5
{[%clk 1:28:06]} 12. Bxe7 {[%clk 1:33:49]} Qxe7 {[%clk 1:23:47]} 13. e4
{[%clk 1:32:42]} dxe4 {[%clk 1:16:38]} 14. fxe4 {[%clk 1:32:56]} Qg5
{[%clk 1:15:30]} 15. Bc4 {[%clk 1:26:01]} Be6 {[%clk 1:10:55]} 16. Qb3
{[%clk 1:21:22]} b5 {[%clk 1:07:08]} 17. Bxe6 {[%clk 1:20:30]} Nxe6
{[%clk 1:06:46]} 18. Kh1 {[%clk 1:12:27]} a5 {[%clk 0:52:44]} 19. Rf5
{[%clk 1:08:48]} Qg6 {[%clk 0:52:21]} 20. Raf1 {[%clk 1:08:08]} a4
{[%clk 0:51:21]} 21. Qb4 {[%clk 1:06:55]} f6 {[%clk 0:38:46]} 22. Qd6
{[%clk 1:05:13]} Rac8 {[%clk 0:31:53]} 23. d5 {[%clk 1:02:46]} cxd5
{[%clk 0:29:32]} 24. Qxd5 {[%clk 0:59:51]} Rc5 {[%clk 0:28:21]} 25. Qd7
{[%clk 0:59:32]} Qf7 {[%clk 0:27:26]} 26. Qxf7+ {[%clk 0:58:52]} Kxf7
{[%clk 0:27:47]} 27. Rxc5 {[%clk 0:55:28]} Nxc5 {[%clk 0:28:10]} 28. g4
{[%clk 0:55:52]} b4 {[%clk 0:27:46]} 29. Nb5 {[%clk 0:55:18]} Nxe4
{[%clk 0:24:48]} 30. gxh5 {[%clk 0:55:34]} Re5 {[%clk 0:25:03]} 31. Ned4
{[%clk 0:55:08]} Rxh5 {[%clk 0:25:12]} 32. Rf4 {[%clk 0:54:32]} Nc5
{[%clk 0:22:09]} 33. Nd6+ {[%clk 0:52:50]} Ke7 {[%clk 0:21:02]} 34. N4f5+
{[%clk 0:52:04]} Kf8 {[%clk 0:20:36]} 35. Rxb4 {[%clk 0:52:22]} Nd7
{[%clk 0:19:53]} 36. Rxa4 {[%clk 0:52:06]} Nb6 {[%clk 0:19:55]} 37. Re4
{[%clk 0:52:18]} Rxf5 {[%clk 0:20:12]} 38. Re8# 1-0

[Event "WYCC Girls 12"]
[Site "Porto Carras"]
[Date "2015.10.27"]
[Round "3.11"]
[White "Salimova, Nurgyul"]
[Black "Qi, Katherene"]
[Result "1-0"]
[BlackElo "1496"]
[WhiteElo "2144"]
[LiveChessVersion "1.4.6"]

1. d4 {[%clk 1:30:57]} d5 {[%clk 1:30:54]} 2. Nf3 {[%clk 1:31:16]} Nc6
{[%clk 1:31:12]} 3. Bf4 {[%clk 1:30:15]} Nf6 {[%clk 1:30:51]} 4. e3
{[%clk 1:30:32]} Bg4 {[%clk 1:27:20]} 5. c4 {[%clk 1:28:14]} e6 {[%clk 1:26:20]}
6. Nc3 {[%clk 1:27:38]} Be7 {[%clk 1:23:52]} 7. h3 {[%clk 1:26:17]} Bf5
{[%clk 1:21:11]} 8. c5 {[%clk 1:14:55]} O-O {[%clk 1:20:18]} 9. Bb5
{[%clk 1:14:11]} Nb4 {[%clk 1:15:14]} 10. O-O {[%clk 1:12:40]} c6
{[%clk 1:11:16]} 11. Be2 {[%clk 1:12:32]} a5 {[%clk 1:09:55]} 12. a3
{[%clk 1:11:52]} Na6 {[%clk 1:10:11]} 13. Qb3 {[%clk 1:10:40]} Qd7
{[%clk 1:09:30]} 14. Ne5 {[%clk 1:10:39]} Qc8 {[%clk 1:09:31]} 15. Na4
{[%clk 1:10:57]} Bd8 {[%clk 1:09:17]} 16. Nb6 {[%clk 1:05:26]} Bxb6
{[%clk 1:08:37]} 17. Qxb6 {[%clk 1:05:08]} Nb8 {[%clk 1:07:55]} 18. b4
{[%clk 0:45:58]} g5 {[%clk 1:06:21]} 19. Bh2 {[%clk 0:45:52]} Ne8
{[%clk 0:57:26]} 20. bxa5 {[%clk 0:44:41]} f6 {[%clk 0:54:20]} 21. Ng4
{[%clk 0:43:56]} Nd7 {[%clk 0:53:19]} 22. Qb4 {[%clk 0:43:13]} Bg6
{[%clk 0:51:56]} 23. f4 {[%clk 0:41:53]} h5 {[%clk 0:50:33]} 24. Nf2
{[%clk 0:41:33]} g4 {[%clk 0:49:45]} 25. hxg4 {[%clk 0:40:29]} hxg4
{[%clk 0:50:05]} 26. Nxg4 {[%clk 0:40:05]} f5 {[%clk 0:49:01]} 27. Ne5
{[%clk 0:40:00]} Bf7 {[%clk 0:47:58]} 28. Rf3 {[%clk 0:39:04]} Ndf6
{[%clk 0:46:39]} 29. Rg3+ {[%clk 0:38:46]} Ng7 {[%clk 0:46:56]} 30. Bd3
{[%clk 0:37:51]} Bh5 {[%clk 0:44:53]} 31. Rb1 {[%clk 0:34:08]} Ra7
{[%clk 0:44:33]} 32. Qb6 {[%clk 0:34:04]} Qa8 {[%clk 0:43:06]} 33. a6
{[%clk 0:33:26]} bxa6 {[%clk 0:41:54]} 34. Nxc6 {[%clk 0:32:51]} Raf7
{[%clk 0:38:22]} 35. Ne5 {[%clk 0:32:31]} Re7 {[%clk 0:37:06]} 36. Qd6
{[%clk 0:31:06]} Ree8 {[%clk 0:36:36]} 37. c6 {[%clk 0:29:51]} Bg4
{[%clk 0:33:18]} 38. Ng6 {[%clk 0:22:14]} Rf7 {[%clk 0:32:49]} 39. Ne5
{[%clk 0:20:41]} Rff8 {[%clk 0:33:11]} 40. Nxg4 {[%clk 0:47:47]} Nxg4
{[%clk 1:01:36]} 41. Rb7 {[%clk 0:46:22]} Rb8 {[%clk 0:57:09]} 42. Qc7
{[%clk 0:41:43]} Rxb7 {[%clk 0:56:29]} 43. cxb7 {[%clk 0:40:19]} Qa7
{[%clk 0:56:11]} 44. Rxg4 {[%clk 0:38:48]} fxg4 {[%clk 0:56:07]} 45. f5
{[%clk 0:39:08]} Nxf5 {[%clk 0:50:37]} 46. Bxf5 {[%clk 0:38:24]} exf5
{[%clk 0:50:14]} 47. Be5 1-0

[Event "WYCC Girls 12"]
[Site "Porto Carras"]
[Date "2015.10.27"]
[Round "3.12"]
[White "Nurgali, Nazerke"]
[Black "Nassr, Lina"]
[Result "1-0"]
[BlackElo "1651"]
[WhiteElo "1841"]
[LiveChessVersion "1.4.6"]

1. d4 {[%clk 1:30:47]} d5 {[%clk 1:30:19]} 2. Nf3 {[%clk 1:30:58]} Nf6
{[%clk 1:30:23]} 3. c4 {[%clk 1:31:06]} e6 {[%clk 1:30:26]} 4. Nc3
{[%clk 1:31:14]} c6 {[%clk 1:30:12]} 5. Bg5 {[%clk 1:30:44]} Nbd7
{[%clk 1:29:57]} 6. e3 {[%clk 1:30:31]} Qa5 {[%clk 1:28:43]} 7. Nd2
{[%clk 1:29:38]} Bb4 {[%clk 1:28:27]} 8. Qc2 {[%clk 1:29:05]} Ne4
{[%clk 1:27:35]} 9. Ndxe4 {[%clk 1:24:20]} dxe4 {[%clk 1:26:55]} 10. Bh4
{[%clk 1:24:24]} O-O {[%clk 1:25:49]} 11. Be2 {[%clk 1:23:32]} e5
{[%clk 1:23:31]} 12. O-O {[%clk 1:22:15]} exd4 {[%clk 1:17:44]} 13. Nxe4
{[%clk 1:15:29]} dxe3 {[%clk 1:11:08]} 14. fxe3 {[%clk 1:12:51]} Ne5
{[%clk 1:03:53]} 15. Kh1 {[%clk 1:05:33]} Ng6 {[%clk 0:55:06]} 16. Bg3
{[%clk 0:59:47]} Be7 {[%clk 0:44:48]} 17. c5 {[%clk 0:54:20]} Be6
{[%clk 0:34:17]} 18. Nd6 {[%clk 0:52:17]} Bxd6 {[%clk 0:29:25]} 19. Bxd6
{[%clk 0:52:11]} Rfe8 {[%clk 0:28:24]} 20. e4 {[%clk 0:46:32]} Qd8
{[%clk 0:23:56]} 21. Rad1 {[%clk 0:40:33]} Qh4 {[%clk 0:18:05]} 22. Bf3
{[%clk 0:30:53]} Bg4 {[%clk 0:15:21]} 23. Qb3 {[%clk 0:26:06]} Bxf3
{[%clk 0:12:51]} 24. Rxf3 {[%clk 0:24:38]} Qxe4 {[%clk 0:11:59]} 25. Qxf7+
{[%clk 0:22:19]} Kh8 {[%clk 0:11:56]} 26. Rdf1 {[%clk 0:21:43]} b6
{[%clk 0:06:42]} 27. Bf8 {[%clk 0:17:36]} Qd4 {[%clk 0:05:01]} 28. cxb6
{[%clk 0:12:59]} axb6 {[%clk 0:04:40]} 29. b3 {[%clk 0:12:59]} c5
{[%clk 0:00:42]} 30. a4 {[%clk 0:12:07]} Red8 {[%clk 0:00:38]} 31. h3
{[%clk 0:07:20]} Rd7 {[%clk 0:00:34]} 32. Bxc5 {[%clk 0:07:15]} Rxf7
{[%clk 0:00:38]} 33. Bxd4 {[%clk 0:07:37]} Rxf3 {[%clk 0:00:39]} 34. Rxf3
{[%clk 0:07:58]} Kg8 {[%clk 0:00:31]} 35. Bxb6 {[%clk 0:08:11]} Ne5
{[%clk 0:00:43]} 36. Rc3 {[%clk 0:08:19]} Rb8 {[%clk 0:00:38]} 37. Bc7
{[%clk 0:08:36]} Re8 {[%clk 0:00:54]} 38. Re3 {[%clk 0:08:51]} Kf7
{[%clk 0:00:45]} 39. Rxe5 {[%clk 0:09:03]} Rxe5 {[%clk 0:00:50]} 40. Bxe5
{[%clk 0:39:28]} g6 {[%clk 0:31:15]} 41. a5 {[%clk 0:39:54]} Ke6 {[%clk 0:31:33]}
42. a6 {[%clk 0:40:11]} Kxe5 {[%clk 0:31:45]} 43. a7 {[%clk 0:40:32]} g5
{[%clk 0:31:55]} 44. a8=Q {[%clk 0:40:54]} h5 {[%clk 0:31:59]} 45. b4
{[%clk 0:40:59]} g4 {[%clk 0:32:17]} 46. hxg4 {[%clk 0:41:13]} hxg4
{[%clk 0:32:38]} 47. b5 {[%clk 0:41:32]} g3 {[%clk 0:32:58]} 48. b6
{[%clk 0:41:57]} Kd4 {[%clk 0:33:09]} 49. b7 {[%clk 0:42:18]} Kc3
{[%clk 0:33:35]} 50. b8=Q {[%clk 0:42:29]} Kd4 {[%clk 0:33:58]} 51. Qd6+
{[%clk 0:42:50]} Kc3 {[%clk 0:34:18]} 52. Qaa3+ {[%clk 0:43:11]} Kc2
{[%clk 0:34:42]} 53. Qdd3# {[%clk 0:43:34]} 1-0

[Event "WYCC Girls 12"]
[Site "Porto Carras"]
[Date "2015.10.28"]
[Round "4.1"]
[White "Hercog, Nusa"]
[Black "Solozhenkina, Elizaveta"]
[Result "0-1"]
[BlackElo "2062"]
[WhiteElo "1790"]
[LiveChessVersion "1.4.6"]

1. d4 {[%clk 1:30:57]} Nf6 {[%clk 1:30:55]} 2. c4 {[%clk 1:31:20]} e6
{[%clk 1:31:20]} 3. Nf3 {[%clk 1:30:44]} b6 {[%clk 1:31:37]} 4. a3
{[%clk 1:30:38]} Ba6 {[%clk 1:31:42]} 5. e3 {[%clk 1:29:45]} d5 {[%clk 1:29:09]}
6. Nbd2 {[%clk 1:27:03]} c5 {[%clk 1:22:15]} 7. Be2 {[%clk 1:22:05]} cxd4
{[%clk 1:20:23]} 8. exd4 {[%clk 1:19:42]} Bb7 {[%clk 1:18:51]} 9. cxd5
{[%clk 1:17:24]} Nxd5 {[%clk 1:17:14]} 10. Nc4 {[%clk 1:14:53]} Be7
{[%clk 1:16:08]} 11. O-O {[%clk 1:13:53]} O-O {[%clk 1:16:26]} 12. Bd2
{[%clk 1:10:18]} Nc6 {[%clk 1:12:59]} 13. Rc1 {[%clk 1:07:13]} Bf6
{[%clk 1:12:31]} 14. Be3 {[%clk 1:00:38]} Rc8 {[%clk 1:08:35]} 15. Qd2
{[%clk 0:57:21]} Qe7 {[%clk 1:03:23]} 16. Nce5 {[%clk 0:54:53]} Rfd8
{[%clk 0:59:44]} 17. Nxc6 {[%clk 0:53:34]} Bxc6 {[%clk 0:59:10]} 18. b4
{[%clk 0:49:45]} Bb7 {[%clk 0:51:34]} 19. Rxc8 {[%clk 0:47:07]} Bxc8
{[%clk 0:45:48]} 20. Rc1 {[%clk 0:44:55]} Qd6 {[%clk 0:44:52]} 21. Bb5
{[%clk 0:41:46]} Bb7 {[%clk 0:44:46]} 22. Be2 {[%clk 0:35:55]} h6
{[%clk 0:38:11]} 23. Rc2 {[%clk 0:30:48]} a6 {[%clk 0:30:01]} 24. Qc1
{[%clk 0:27:40]} Ra8 {[%clk 0:25:57]} 25. Rc4 {[%clk 0:18:19]} a5
{[%clk 0:25:14]} 26. b5 {[%clk 0:18:09]} Rd8 {[%clk 0:22:00]} 27. h3
{[%clk 0:17:51]} Qd7 {[%clk 0:18:14]} 28. a4 {[%clk 0:16:54]} Qd6
{[%clk 0:17:40]} 29. Bd2 {[%clk 0:16:28]} Rd7 {[%clk 0:16:07]} 30. Bd1
{[%clk 0:14:50]} g5 {[%clk 0:09:14]} 31. Nh2 {[%clk 0:13:13]} Nf4
{[%clk 0:06:01]} 32. Bxf4 {[%clk 0:12:02]} Qxf4 {[%clk 0:05:35]} 33. Qxf4
{[%clk 0:11:10]} gxf4 {[%clk 0:06:03]} 34. d5 {[%clk 0:08:55]} e5
{[%clk 0:05:08]} 35. Ng4 {[%clk 0:07:25]} Bg7 {[%clk 0:04:18]} 36. Bc2
{[%clk 0:07:07]} h5 {[%clk 0:03:56]} 37. Nh2 {[%clk 0:07:04]} Bxd5
{[%clk 0:02:59]} 38. Rc8+ {[%clk 0:07:02]} Bf8 {[%clk 0:03:28]} 39. Nf3
{[%clk 0:06:24]} Bxf3 {[%clk 0:02:03]} 40. gxf3 {[%clk 0:36:45]} Kg7
{[%clk 0:32:16]} 41. Rc3 {[%clk 0:33:40]} Rd2 {[%clk 0:29:53]} 42. Bb3
{[%clk 0:32:37]} Bc5 {[%clk 0:30:02]} 43. Rc2 {[%clk 0:32:18]} Rd3
{[%clk 0:30:16]} 44. Bc4 {[%clk 0:30:10]} Rxf3 {[%clk 0:30:09]} 45. Kg2
{[%clk 0:30:04]} Ra3 {[%clk 0:30:04]} 46. Ra2 {[%clk 0:30:21]} Rc3
{[%clk 0:29:51]} 47. Bd5 {[%clk 0:29:25]} Kg6 {[%clk 0:28:51]} 48. f3
{[%clk 0:29:28]} h4 {[%clk 0:26:05]} 49. Bc6 {[%clk 0:29:11]} Bd4
{[%clk 0:25:54]} 50. Bb7 {[%clk 0:28:28]} Kf6 {[%clk 0:25:44]} 51. Bd5
{[%clk 0:28:06]} Ke7 {[%clk 0:26:01]} 52. Be4 {[%clk 0:27:52]} Rc4
{[%clk 0:24:00]} 53. Bf5 {[%clk 0:25:05]} Kd6 {[%clk 0:23:37]} 54. Be4
{[%clk 0:23:17]} Ke6 {[%clk 0:22:20]} 55. Bc2 {[%clk 0:20:55]} Rb4
{[%clk 0:21:49]} 56. Kf1 {[%clk 0:20:50]} f5 {[%clk 0:19:19]} 57. Ke2
{[%clk 0:20:47]} Bc5 {[%clk 0:19:10]} 58. Bd3 {[%clk 0:20:13]} e4
{[%clk 0:19:19]} 59. Bc2 {[%clk 0:19:22]} Ke5 {[%clk 0:19:20]} 60. Bd1
{[%clk 0:18:26]} Rd4 {[%clk 0:18:39]} 61. Bc2 {[%clk 0:17:32]} Rc4
{[%clk 0:18:46]} 62. Bd1 {[%clk 0:17:01]} Rc3 {[%clk 0:19:05]} 63. fxe4
{[%clk 0:16:44]} fxe4 {[%clk 0:19:29]} 64. Ke1 {[%clk 0:16:43]} Rxh3
{[%clk 0:19:29]} 65. Be2 {[%clk 0:16:47]} f3 {[%clk 0:19:45]} 66. Bf1
{[%clk 0:17:09]} Bb4+ {[%clk 0:20:01]} 67. Kd1 {[%clk 0:17:15]} Rh1
{[%clk 0:20:26]} 0-1

[Event "WYCC Girls 12"]
[Site "Porto Carras"]
[Date "2015.10.28"]
[Round "4.2"]
[White "Yip, Carissa"]
[Black "Mahdian, Anousha"]
[Result "1-0"]
[BlackElo "1757"]
[WhiteElo "2007"]
[LiveChessVersion "1.4.6"]

1. e4 {[%clk 1:30:57]} e5 {[%clk 1:30:51]} 2. Nf3 {[%clk 1:31:22]} Nc6
{[%clk 1:31:14]} 3. d4 {[%clk 1:31:45]} exd4 {[%clk 1:31:38]} 4. Bc4
{[%clk 1:32:11]} Bc5 {[%clk 1:32:00]} 5. c3 {[%clk 1:32:32]} Nf6 {[%clk 1:32:24]}
6. e5 {[%clk 1:32:56]} d5 {[%clk 1:32:49]} 7. Bb5 {[%clk 1:33:20]} Ne4
{[%clk 1:33:15]} 8. cxd4 {[%clk 1:33:43]} Bb6 {[%clk 1:33:42]} 9. h3
{[%clk 1:33:16]} O-O {[%clk 1:34:01]} 10. O-O {[%clk 1:33:38]} f6
{[%clk 1:34:29]} 11. Nc3 {[%clk 1:30:47]} Nxc3 {[%clk 0:55:25]} 12. bxc3
{[%clk 1:31:14]} Bf5 {[%clk 0:55:46]} 13. Ba3 {[%clk 1:26:39]} Re8
{[%clk 0:55:57]} 14. Re1 {[%clk 1:02:40]} Be4 {[%clk 0:39:26]} 15. Nd2
{[%clk 1:00:53]} Bf5 {[%clk 0:27:02]} 16. Qf3 {[%clk 0:48:24]} Be6
{[%clk 0:26:47]} 17. Qg3 {[%clk 0:46:48]} fxe5 {[%clk 0:18:47]} 18. Bxc6
{[%clk 0:46:21]} bxc6 {[%clk 0:19:13]} 19. Rxe5 {[%clk 0:46:43]} Qf6
{[%clk 0:17:07]} 20. Rae1 {[%clk 0:45:29]} Bf7 {[%clk 0:15:01]} 21. Be7
{[%clk 0:44:35]} Qh6 {[%clk 0:13:49]} 22. Nf3 {[%clk 0:40:16]} g6
{[%clk 0:12:20]} 23. Nh2 {[%clk 0:38:48]} Qg7 {[%clk 0:09:09]} 24. Ng4
{[%clk 0:38:16]} Rxe7 {[%clk 0:07:43]} 25. Rxe7 {[%clk 0:38:36]} c5
{[%clk 0:05:46]} 26. Qf4 {[%clk 0:38:08]} g5 {[%clk 0:04:58]} 27. Nh6+
{[%clk 0:37:56]} 1-0